000 00684nam a2200217Ia 4500
003 IN-BaIIA
005 20250707104917.0
008 211028s9999 xx 000 0 eng d
040 _cIIA Library
080 _a629.19 (047.1)
_bPAA-15
245 0 _aHeterogeneous combustion
_cHans G. Wolfhard, Irvin Glassman and Leon Green
260 _aNew York
_bAcademic Press
_c1964
300 _axv, 765p.
490 _aProgress in astronautics and aeronautics
_v15
650 _aAstronomy and Astrophysics Thesaurus
650 _aHeterogy
_94851
700 _aGlassman, Irvin, ed.
_94852
700 _aGreen, Leon, ed.
_94853
700 _aWolfhard, Hans G., ed.
_94854
942 _cBK
_2ddc
999 _c2708
_d2708